000 00313nam a2200109Ia 4500
008 200302s9999 xx 000 0 und d
100 _aAuthor
245 _aProtective Clothing for Workers on Construction Sites Report on a Competition
260 _bHer Majesty s Stationery Office
260 _c1968
300 _a30 P.,
999 _c480
_d480